000 00953nam a2200253Ia 4500
003 OSt
005 20221005103611.0
006 a|||||r|||| 00| 0
007 ta
008 221004b |||||||| |||| 00| 0 hin d
020 _a9788185246536 (hbk)
_c250
024 _a102617
037 _b463, 12/02/2010, Eastern Book Linkers
_cTextual
040 _aCRL
_cCRL
_bhin
041 _2hin
_ahin
082 _aQ1:g(YZ), 152P8
100 _aद्विवेदी, कपिलदेव
245 0 _aवेदों में लोक - कल्याण
246 _aVedoan mean lok - kalyāṇa
260 _aज्ञानपुर
_bविश्वभारती अनुसन्धान परिषद् भारत
_c2008
300 _a215पृ0
_ccm.
942 _hQ1:g(YZ), 152P8
_cTEXL
_2cc
999 _c1010396
_d1010396